| 000 | 01293pam a2200313 a 4500 | ||
|---|---|---|---|
| 001 | 4849920 | ||
| 003 | BD-DhUL | ||
| 005 | 20170419174230.0 | ||
| 008 | 910130s1992 nyu b 001 0 eng | ||
| 010 | _a 91002202 | ||
| 020 | _a019503824X (acidfree paper) | ||
| 040 |
_aDLC _cDLC _dDLC _dBD-DhUL |
||
| 043 | _an-us--- | ||
| 082 | 0 | 0 |
_a305.8924 _bHOL |
| 100 | 1 |
_aHollander, Paul. _d1932- |
|
| 245 | 1 | 0 |
_aAnti-Americanism : _bcritiques at home and abroad, 1965-1990 / _cPaul Hollander. |
| 260 |
_aNew York : _bOxford University Press, _c1992. |
||
| 300 |
_axv, 515 p. ; _c24 cm. |
||
| 504 | _aIncludes bibliographical references (p. 469-504) and index. | ||
| 650 | 0 | _aAnti-Americanism. | |
| 650 | 0 |
_aRadicalism _zUnited States _xHistory _y20th century. |
|
| 650 | 0 |
_aPolitical alienation _zUnited States _xHistory _y20th century. |
|
| 651 | 0 |
_aUnited States _xHistory _y1969- |
|
| 651 | 0 |
_aUnited States _xHistory _y1961-1969. |
|
| 856 | 4 | 2 |
_3Publisher description _uhttp://www.loc.gov/catdir/enhancements/fy0636/91002202-d.html |
| 856 | 4 | 2 |
_3Contributor biographical information _uhttp://www.loc.gov/catdir/enhancements/fy0723/91002202-b.html |
| 942 |
_2ddc _cREF |
||
| 955 | _apc03 to ba00 1-30-91; ba08/ba30 to SCD 02-05-91; fd18 02-05-91; fq29 02-07-91; CIP ver. ta06; to SL 12-20-91 | ||
| 999 |
_c188688 _d188688 |
||